US States - Sudden Death - Statistics

General Stats
  • This quiz has been taken 71 times
    12 since last reset
  • The average score is 16 of 26
Answers on the Grid
Answers color-coded by a green-red scale on the quiz's grid according to % correct below.
Washington
Texas
California
New Mexico
Nevada
Maine
Alaska
Hawaii
Florida
Maryland
New Jersey
Minnesota
Michigan
Wisconsin
Rhode Island
Montana
Idaho
Oregon
Wyoming
New Hampshire
Vermont
New York
Connecticut
Delaware
North Dakota
Missouri
New Vermont
Northville
Lincoln
Jefferson
South Virginia
Baja California
West Texas
West Florida
Iroquis
Deseret
Navajo
Old Mexico
Long Island
Ontario
Dakota
Carolina
Northern Maine
Boston
Durango
New Reno
Libertyland
Washington DC
North Texas
Midwest
Llano
Aleutian
East Oregon
West Texas
Houston
Orleans
Hampshire
Cherokee
Monterrey
Panhandle
 
Answer Stats
Answer % Correct
North Dakota
100%
Michigan
86%
Nevada
86%
Alaska
71%
California
71%
Connecticut
71%
Delaware
71%
Idaho
71%
Missouri
71%
Montana
71%
New Hampshire
71%
New Mexico
71%
Rhode Island
71%
Washington
71%
Wyoming
71%
Florida
57%
Hawaii
57%
Texas
57%
Maine
43%
Maryland
43%
Minnesota
43%
New Jersey
43%
New York
43%
Oregon
43%
Vermont
43%
Wisconsin
43%
No matching quizzes found
Score Distribution
Percent of People with Each Score
Percentile by Number Answered
Your Score History
You have not taken this quiz since the last reset